Narodowości selekcjonerów reprezentacji na Mistrzostwach Świata 2026 - Statystyki

Ogólne statystyki
  • Ten quiz został rozwiązany 32 razy
  • Średni wynik to 17 z 27
Statystyki odpowiedzi
Narodowość Trenerzy % Poprawnych
Hiszpania 4
100%
Niemcy 3
96%
Włochy 3
96%
Anglia 2
92%
Argentyna 6
88%
Francja 5
88%
Holandia 2
85%
Portugalia 1
85%
Meksyk 1
77%
Stany Zjednaczone 1
77%
Japonia 1
73%
Australia 2
69%
Belgia 2
65%
Czechy 1
65%
Korea Południowa 1
65%
Norwegia 1
65%
Egipt 1
62%
Maroko 1
62%
Iran 1
58%
Szkocja 1
50%
Grecja 1
42%
Szwajcaria 2
42%
Chorwacja 1
38%
Wybrzeże Kości Słoniowej 1
31%
Senegal 1
27%
Bośnia i Hercegowina 1
23%
Republika Zielonego Przylądka 1
19%
Nie znaleziono quizów pasujących do podanych kryteriów
Rozkład punktacji
Procent ludzi z każdym wynikiem
Percentyl według liczby udzielonych odpowiedzi
Twoja historia wyników
Nie rozwiązałeś tego quizu